Metrics and models in software quality engineering / (Record no. 176495)
[ view plain ]
| 000 -LEADER | |
|---|---|
| fixed length control field | 01440 a2200217 4500 |
| 003 - CONTROL NUMBER IDENTIFIER | |
| control field | Nust |
| 005 - DATE AND TIME OF LATEST TRANSACTION | |
| control field | 20220802145919.0 |
| 010 ## - LIBRARY OF CONGRESS CONTROL NUMBER | |
| LC control number | 2002027737 |
| 020 ## - INTERNATIONAL STANDARD BOOK NUMBER | |
| International Standard Book Number | 81-297-0175-8 |
| 040 ## - CATALOGING SOURCE | |
| Transcribing agency | Nust |
| 082 00 - DEWEY DECIMAL CLASSIFICATION NUMBER | |
| Classification number | 005.1,KAN |
| 100 1# - MAIN ENTRY--PERSONAL NAME | |
| Personal name | Kan, Stephen H. |
| 9 (RLIN) | 96312 |
| 245 10 - TITLE STATEMENT | |
| Title | Metrics and models in software quality engineering / |
| Statement of responsibility, etc. | Stephen H. Kan ; [foreword by Capers Jones]. |
| 250 ## - EDITION STATEMENT | |
| Edition statement | 2nd ed. |
| 260 ## - PUBLICATION, DISTRIBUTION, ETC. | |
| Place of publication, distribution, etc. | Boston : |
| Name of publisher, distributor, etc. | Addison-Wesley, |
| Date of publication, distribution, etc. | c2003. |
| 300 ## - PHYSICAL DESCRIPTION | |
| Extent | xxvii, 528 p. : |
| Other physical details | ill. ; |
| Dimensions | 24 cm. |
| 505 ## - FORMATTED CONTENTS NOTE | |
| Formatted contents note | What Is Software Quality (Page-1), Software Development Processes Models (Page-13), Fundamentals Of Measurement Theory (Page-55), Software Quality Matrices Overview (Page-85), Applying The Seven Basic Quality Tools In Software Development (Page-127), Defect Removal Effectiveness (Page-159), The Rayleigh Model (Page-187), Exponential Distribution And Reliability Growth Models (Page-207), Quality Management Models (Page-235), In-Process Metrics For Software Testing (Page-271), Complexity Metrics And Models (Page-311), Metrics And Lessons Learned For Object Oriented Projects (Page-331), Availability Metrics (Page-359), Conducting Software Project Assessments (Page-413), Using Function Points Metrics To Measure Software Process Improvement (Page-453). |
| 650 00 - SUBJECT ADDED ENTRY--TOPICAL TERM | |
| Topical term or geographic name entry element | Computer software |
| General subdivision | Quality control. |
| 9 (RLIN) | 18053 |
| 856 41 - ELECTRONIC LOCATION AND ACCESS | |
| Materials specified | Table of contents |
| Uniform Resource Identifier | <a href="http://www.loc.gov/catdir/toc/fy033/2002027737.html">http://www.loc.gov/catdir/toc/fy033/2002027737.html</a> |
| 942 ## - ADDED ENTRY ELEMENTS (KOHA) | |
| Source of classification or shelving scheme | |
| Koha item type | Book |
| Call number prefix | 005.1,KAN |
| Withdrawn status | Lost status | Source of classification or shelving scheme | Damaged status | Not for loan | Permanent Location | Current Location | Shelving location | Date acquired | Full call number | Barcode | Date last seen | Price effective from | Koha item type | Public note |
|---|---|---|---|---|---|---|---|---|---|---|---|---|---|---|
| Military College of Signals (MCS) | Military College of Signals (MCS) | General Stacks | 12/12/2016 | 005.1,KAN | MCS30383 | 12/08/2016 | 12/12/2016 | Book | Almirah No.3, Shelf No.5 |
